| Tag |
First Indicator |
Second Indicator |
Subfields |
| LEADER |
00000cam a2200000Ia 4500 |
| 001 |
in00002425405 |
| 005 |
20210213063624.0 |
| 006 |
m d |
| 007 |
cr cn||||||||| |
| 008 |
070806s2004 ne a sb 001 0 eng d |
| 020 |
|
|
|a 9780750663991
|
| 020 |
|
|
|a 0750663995
|
| 035 |
|
|
|a (OCoLC)ocn162591447
|
| 035 |
|
|
|a (OCoLC)162591447
|
| 037 |
|
|
|a 105272:105300
|b Elsevier Science & Technology
|n http://www.sciencedirect.com
|
| 040 |
|
|
|a OPELS
|c OPELS
|d UtOrBLW
|
| 049 |
|
|
|a TEFA
|
| 050 |
1 |
4 |
|a TK3227
|b .V55 2004eb
|
| 082 |
0 |
4 |
|a 621.317
|2 22
|
| 100 |
1 |
|
|a Vijayaraghavan, G.
|
| 245 |
1 |
0 |
|a Practical grounding, bonding, shielding and surge protection /
|c G. Vijayaraghavan, Mark Brown, Malcolm Barnes.
|
| 264 |
|
1 |
|a Amsterdam ;
|a London :
|b Elsevier,
|c 2004.
|
| 300 |
|
|
|a x, 237 pages :
|b illustrations ;
|c 27 cm.
|
| 336 |
|
|
|a text
|b txt
|2 rdacontent
|
| 337 |
|
|
|a computer
|b c
|2 rdamedia
|
| 338 |
|
|
|a online resource
|b cr
|2 rdacarrier
|
| 490 |
1 |
|
|a Practical professional books from Elsevier
|
| 533 |
|
|
|a Electronic reproduction.
|b Amsterdam :
|c Elsevier Science & Technology,
|d 2007.
|n Mode of access: World Wide Web.
|n System requirements: Web browser.
|n Title from title screen (viewed on Aug. 2, 2007).
|n Access may be restricted to users at subscribing institutions.
|
| 520 |
|
|
|a This book will allow you to gain practical skills and know-how in grounding, bonding, lightning & surge protection. Few topics generate as much controversy and argument as that of grounding and the associated topics of surge protection, shielding and lightning protection of electrical and electronic systems. Poor grounding practice can be the cause of continual and intermittent difficult-to-diagnose problems in a facility. This book looks at these issues from a fresh yet practical perspective and enables you to reduce expensive downtime on your plant and equipment to a minimum by correct application of these principles. Learning outcomes: * Apply the various methods of grounding electrical systems * Detail the applicable national Standards * Describe the purposes of grounding and bonding * List the types of systems that cannot be grounded * Describe what systems can be operated ungrounded * Correctly shield sensitive communications cables from noise and interference * Apply practical knowledge of surge and transient protection * Troubleshoot and fix grounding and surge problems * Design, install and test an effective grounding system for electronic equipment * Understand lightning and how to minimize its impact on your facility * Protect sensitive equipment from lightning An engineer's guide to earthing, shielding, lightning and surge protection designed to deliver reliable equipment and communications systems that comply with international and national codes Discover how to reduce plant downtime and intermittent faults by implementing best-practice grounding/earthing techniques Learn the principles of cable shielding in communication networks.
|
| 505 |
0 |
|
|a Introduction and Basics; Recommended Design and Installation Practices; Fundamentals of Grounding for Building Electrical Systems; Typical Rules to be Applied; Grounding and Noise Control; Electrical Faults; Applications of Grounding and Bonding; Lightning; Surge and Transient Protection; Power Conditioning.
|
| 504 |
|
|
|a Includes bibliographical references and index.
|
| 500 |
|
|
|a Electronic resource.
|
| 650 |
|
0 |
|a Electric apparatus and appliances
|x Protection.
|
| 650 |
|
0 |
|a Electric currents
|x Grounding.
|
| 655 |
|
7 |
|a Electronic books.
|2 local
|
| 700 |
1 |
|
|a Brown, Mark
|c (Electrical engineer)
|
| 700 |
1 |
|
|a Barnes, Malcolm
|d (Electrical engineer)
|
| 730 |
0 |
|
|a Referex.
|
| 776 |
1 |
|
|c Original
|z 0750663995
|z 9780750663991
|w (OCoLC)56913458
|
| 830 |
|
0 |
|a Practical professional books from Elsevier.
|
| 856 |
4 |
0 |
|u http://proxy.library.tamu.edu/login?url=http://www.sciencedirect.com/science/book/9780750663991
|z Connect to the full text of this electronic book
|t 0
|
| 994 |
|
|
|a C0
|b TEF
|
| 999 |
|
|
|a MARS
|
| 999 |
f |
f |
|s 60e66127-9b54-3c88-bebb-d1b1c27a8af7
|i 8ebd80b2-8eba-3037-ba31-cfa0dc6a6f9a
|t 0
|
| 952 |
f |
f |
|a Texas A&M University
|b College Station
|c Electronic Resources
|d Available Online
|t 0
|e TK3227 .V55 2004eb
|h Library of Congress classification
|
| 998 |
f |
f |
|a TK3227 .V55 2004eb
|t 0
|l Available Online
|